| 000 | 00878nac a22002777a 4500 | ||
|---|---|---|---|
| 001 | BR9904487 | ||
| 003 | BR-BrBNA | ||
| 005 | 20240105122311.0 | ||
| 008 | 230509b bl.|||m| |||| 00| 0 por d | ||
| 040 |
_aBR-BrBNA _bpor _cBiblioteca Nacional de Agricultura |
||
| 072 | _aF30 | ||
| 090 | _a1580 BR9904487 | ||
| 100 | 1 | _aTeixeira, D.M.C. | |
| 100 | 1 | _aNascimento, A.S. | |
| 110 | 1 | _aEMBRAPA Hortalicas, Brasilia, DF (Brasil) | |
| 245 | 1 | _aReducao do crescimento in vitro de batata-doce pela adicao de acido abscisico | |
| 260 | 3 |
_aBrasilia, DF (Brasil): _c1999. |
|
| 300 | _a4 p. | ||
| 490 |
_aPesquisa em Andamento - EMBRAPA Hortalicas (Brazil) _vno. 22 _xISSN 1415-0352 |
||
| 650 | _aBatata Doce | ||
| 650 | _aGermoplasma | ||
| 650 | _aAcido Abscisico | ||
| 650 | _aGenetica Vegetal | ||
| 909 |
_a202312 _bLúcia Elande _c55 _dLúcia Elande |
||
| 942 |
_2AGRIS _n0 _cMS |
||
| 999 |
_c290284 _d290284 |
||